The Supreme Court (Record no. 120829)

MARC details
000 -LEADER
fixed length control field 00877cai a22001815a 4500
001 - CONTROL NUMBER
control field E148529
008 - FIXED-LENGTH DATA ELEMENTS--GENERAL INFORMATION
fixed length control field 090929u xxk g 000 0 eng d
035 ## - SYSTEM CONTROL NUMBER
System control number (Sirsi) u148529
041 0# - LANGUAGE CODE
Language code of text/sound track or separate title eng
110 2# - MAIN ENTRY--CORPORATE NAME
Corporate name or jurisdiction name as entry element United Kingdom
Subordinate unit Supreme Court
9 (RLIN) 5798
245 04 - TITLE STATEMENT
Title The Supreme Court
Medium [electronic resource]
520 ## - SUMMARY, ETC.
Summary, etc. Website for The Supreme Court, which is the final court of appeal in the UK for civil cases. The Court hears appeals in criminal cases from England, Wales and Northern Ireland, and hears those cases of most importance affecting the whole population. Includes sections on the history of the Supreme Court, decided cases, court procedures, news and publications.
590 ## - LOCAL NOTE (RLIN)
Local note KA
651 #4 - SUBJECT ADDED ENTRY--GEOGRAPHIC NAME
Geographic name United Kingdom
Chronological subdivision 1973-
690 ## - LOCAL SUBJECT ADDED ENTRY--TOPICAL TERM (OCLC, RLIN)
Topical term or geographic name as entry element PROPERTY
856 40 - ELECTRONIC LOCATION AND ACCESS
Uniform Resource Identifier <a href="https://www.supremecourt.gov.uk/">https://www.supremecourt.gov.uk/</a>
Public note View the website free of charge at www.supremecourt.gov.uk...
942 ## - ADDED ENTRY ELEMENTS (KOHA)
Suppress in OPAC 0
Holdings
Withdrawn status Lost status Source of classification or shelving scheme Damaged status Not for loan Home library Current library Shelving location Date acquired Total Checkouts Full call number Barcode Date last seen Copy number Price effective from Koha item type
    Dewey Decimal Classification     Virtual Virtual Online 29/09/2009   WEBSITE 148529-2001 06/08/2019 1 06/08/2019 Online material